| 000 | 00980nam a2200325 i 4500 | ||
|---|---|---|---|
| 001 | 000021739 | ||
| 003 | DO-SdBNP | ||
| 005 | 20231010095012.0 | ||
| 007 | ta | ||
| 008 | 100910s1998 sp 000 f spa d | ||
| 020 | _a8420634212 | ||
| 040 |
_aDO-SdBNP _bspa _cBNPHU _erda |
||
| 049 | _aBNGR | ||
| 082 | 4 |
_a863.3 _bQ5b _222 |
|
| 100 | 1 |
_aQuevedo, Francisco de, _d1580-1645 _96261 _eautor |
|
| 245 | 1 | 3 |
_aEl buscón / _cFrancisco de Quevedo ; edición, Pablo Jauralde Pou. |
| 264 |
_aMadrid : _bAlianza, _c1998. |
||
| 300 |
_a223 páginas ; _c13 cm. |
||
| 336 |
_2rdacontent _atexto _btxt |
||
| 337 |
_2rdamedia _asin mediación _bn |
||
| 338 |
_2rdacarrier _avolumen _bnc |
||
| 490 | _aLiteratura española. Clásicos | ||
| 500 | _aIncluye notas al pie de páginas. | ||
| 590 | _aInventariado, 2023/BT | ||
| 650 | 4 |
_aNovela española _91123 |
|
| 650 | 4 |
_aLiteratura española _9632 |
|
| 700 | 1 |
_aJauralde Pou, Pablo, _eeditor _945185 |
|
| 910 | _aWM | ||
| 942 |
_2ddc _cLBS1 |
||
| 999 |
_c21238 _d21238 |
||